<?xml version="1.0" encoding="UTF-8"?>
<record
    xmlns:xsi="http://www.w3.org/2001/XMLSchema-instance"
    xsi:schemaLocation="http://www.loc.gov/MARC21/slim http://www.loc.gov/standards/marcxml/schema/MARC21slim.xsd"
    xmlns="http://www.loc.gov/MARC21/slim">

  <leader>01046cam a2200277   4500</leader>
  <controlfield tag="001">22333</controlfield>
  <controlfield tag="003">UkOxU</controlfield>
  <controlfield tag="005">20211209000808.0</controlfield>
  <controlfield tag="008">140308r19561950enk           000 0 eng d</controlfield>
  <datafield tag="035" ind1=" " ind2=" ">
    <subfield code="a">BD-RjUL)22398</subfield>
  </datafield>
  <datafield tag="040" ind1=" " ind2=" ">
    <subfield code="a">DLC</subfield>
    <subfield code="c">KEN</subfield>
    <subfield code="d">OCL</subfield>
    <subfield code="d">UKM</subfield>
    <subfield code="d">EQO</subfield>
    <subfield code="d">BD-RjUL</subfield>
    <subfield code="b">eng</subfield>
  </datafield>
  <datafield tag="041" ind1="1" ind2=" ">
    <subfield code="a">eng</subfield>
    <subfield code="h">per</subfield>
  </datafield>
  <datafield tag="082" ind1="0" ind2="4">
    <subfield code="a">891.551</subfield>
    <subfield code="b">JAR 1956</subfield>
  </datafield>
  <datafield tag="100" ind1="0" ind2=" ">
    <subfield code="a">Jal&#x101;l al-D&#x12B;n R&#x16B;m&#x12B;,</subfield>
    <subfield code="d">1207-1273.</subfield>
    <subfield code="9">68960</subfield>
  </datafield>
  <datafield tag="245" ind1="1" ind2="0">
    <subfield code="a">R&#x16B;m&#x12B;, poet and mystic (1207-1273) :</subfield>
    <subfield code="b">selections from his writings /</subfield>
    <subfield code="c">translated from the Persian with introduction and notes by Reynold A. Nicholson.</subfield>
  </datafield>
  <datafield tag="260" ind1=" " ind2=" ">
    <subfield code="a">London :</subfield>
    <subfield code="b">G. Allen and Unwin,</subfield>
    <subfield code="c">1945 [Reprintred 1956]</subfield>
  </datafield>
  <datafield tag="300" ind1=" " ind2=" ">
    <subfield code="a">240 p. ;</subfield>
    <subfield code="c">19 cm.</subfield>
  </datafield>
  <datafield tag="600" ind1="0" ind2="0">
    <subfield code="a">Jal&#x101;l al-D&#x12B;n R&#x16B;m&#x12B;,</subfield>
    <subfield code="c">Maulana,</subfield>
    <subfield code="d">1207-1273</subfield>
    <subfield code="9">139016</subfield>
  </datafield>
  <datafield tag="650" ind1=" " ind2="0">
    <subfield code="a">Sufi poetry, Persian</subfield>
    <subfield code="v">Translations into English.</subfield>
    <subfield code="9">68962</subfield>
  </datafield>
  <datafield tag="700" ind1="1" ind2=" ">
    <subfield code="a">Nicholson, Reynold Alleyne,</subfield>
    <subfield code="d">1868-1945.</subfield>
    <subfield code="9">66384</subfield>
  </datafield>
  <datafield tag="830" ind1=" " ind2="0">
    <subfield code="v">No.1</subfield>
    <subfield code="9">166909</subfield>
  </datafield>
  <datafield tag="830" ind1=" " ind2="0">
    <subfield code="a">Ethical and religious classics of East and West ;</subfield>
    <subfield code="9">133206</subfield>
  </datafield>
  <datafield tag="942" ind1=" " ind2=" ">
    <subfield code="2">ddc</subfield>
    <subfield code="c">BK</subfield>
    <subfield code="0">1</subfield>
  </datafield>
  <datafield tag="999" ind1=" " ind2=" ">
    <subfield code="c">22333</subfield>
    <subfield code="d">22333</subfield>
  </datafield>
  <datafield tag="952" ind1=" " ind2=" ">
    <subfield code="0">0</subfield>
    <subfield code="1">0</subfield>
    <subfield code="2">ddc</subfield>
    <subfield code="4">0</subfield>
    <subfield code="7">0</subfield>
    <subfield code="8">NFIC</subfield>
    <subfield code="a">RUCL</subfield>
    <subfield code="b">RUCL</subfield>
    <subfield code="c">Stack</subfield>
    <subfield code="d">1957-11-26</subfield>
    <subfield code="e">Pak. American com.</subfield>
    <subfield code="g">9.60</subfield>
    <subfield code="l">2</subfield>
    <subfield code="o">891.551 JAR 1956</subfield>
    <subfield code="r">2018-03-15 00:00:00</subfield>
    <subfield code="s">2018-03-08</subfield>
    <subfield code="t">C-2</subfield>
    <subfield code="w">2014-03-08</subfield>
    <subfield code="y">BK</subfield>
  </datafield>
</record>
